Tabla periódica (nombres) del 1 al 90 - Estadísticas

Estadísticas generales
  • Esta prueba ha sido intentada 718 veces
  • La puntuación promedio es 56 de 90
Estadísticas de respuestas
Símbolo Nombre % Correcto
He Helio
97%
H Hidrogeno
95%
O Oxigeno
95%
Li Litio
94%
Mg Magnesio
92%
N Nitrogeno
92%
K Potasio
92%
Be Berilio
90%
C Carbono
90%
Fe Hierro
90%
Al Aluminio
89%
Cl Cloro
89%
Na Sodio
89%
Si Silicio
88%
B Boro
87%
Br Bromo
87%
Ca Calcio
87%
Cr Cromo
87%
Cu Cobre
86%
Ag Plata
86%
Zn Zinc
86%
F Fluor
85%
P Fosforo
85%
Au Oro
84%
Mn Manganeso
83%
Ne Neon
83%
Co Cobalto
82%
Ni Niquel
82%
I Yodo
82%
Ar Argon
81%
S Azufre
81%
Rb Rubidio
78%
Ga Galio
77%
Kr Kripton
77%
As Arsenico
74%
Se Selenio
74%
Xe Xenon
74%
Ti Titanio
73%
Ba Bario
72%
Ge Germanio
71%
Cs Cesio
70%
Fr Francio
68%
Pb Plomo
68%
Hg Mercurio
67%
Cd Cadmio
65%
Sr Estroncio
65%
Ra Radio
64%
In Indio
63%
Sn Estaño
60%
V Vanadio
60%
Sc Escandio
59%
Pt Platino
58%
Po Polonio
57%
Sb Antimonio
55%
Bi Bismuto
54%
Pd Paladio
54%
Rn Radon
53%
W Wolframio
52%
Os Osmio
51%
Ir Iridio
50%
Mo Molibdeno
50%
Y Itrio
49%
At Astato
46%
Rh Rodio
46%
Tc Tecnecio
46%
Zr Zirconio
46%
La Lantano
45%
Ru Rutenio
43%
Tl Talio
43%
Nb Niobio
42%
Te Teluro
40%
Hf Hafnio
39%
Eu Europio
38%
Re Renio
38%
Ce Cerio
37%
Ac Actinio
35%
Ta Tantalio
33%
Lu Lutecio
31%
Er Erbio
30%
Nd Neodimio
29%
Sm Samario
27%
Tb Terbio
25%
Ho Holmio
24%
Pr Praseodimio
24%
Th Torio
24%
Gd Gadolinio
23%
Yb Iterbio
23%
Tm Tulio
23%
Dy Disprosio
21%
Pm Promecio
7%
No se encontraron pruebas coincidentes
Distribución de puntuación
Porcentaje de gente con cada puntuación
Porcentaje por número respondido
Historial de tus puntuaciones
No has intentado esta prueba.